Cantos folklóricos chilenos
Gespeichert in:
| 1. Verfasser: | |
|---|---|
| Format: | Buch |
| Sprache: | Spanisch |
| Veröffentlicht: |
Santiago
CEIBO Ediciones
2013
|
| Schriftenreihe: | Colección Arte y Fotografía
|
| Schlagworte: | |
| Tags: |
Tag hinzufügen
Keine Tags, Fügen Sie den ersten Tag hinzu!
|
MARC
| LEADER | 00000cam a2200000 a 4500 | ||
|---|---|---|---|
| 001 | UCF9803 | ||
| 003 | CL-VaPUC | ||
| 008 | 131213e20130000cl |||||||||||||||||spa|d | ||
| 020 | |a 9789569071515 | ||
| 082 | 0 | 4 | |a Gt781.6283 |b PAR |2 21 |
| 100 | |a Parra, Violeta |q (Parra Sandoval, Violeta) |e autora |9 310731 | ||
| 245 | 1 | 0 | |a Cantos folklóricos chilenos |
| 300 | |a 171 p | ||
| 942 | |c BK | ||
| 945 | |d 20131213 11:12:00 |a dcastane | ||
| 260 | |a Santiago |b CEIBO Ediciones |c 2013 | ||
| 500 | |a Transcripciones musicales y prólogo de Luis Gastón Soublette. Fotografías de Sergio Larraín y Sergio Bravo | ||
| 650 | 0 | |a Música para guitarra |9 362109 | |
| 650 | 0 | |a Cuecas |9 417014 | |
| 650 | 0 | |a Música folklórica |9 306412 | |
| 650 | 0 | |a Canciones chilenas |9 420128 | |
| 583 | |a last modification |c 20131213 11:12:00 |k Rodrigo Vera | ||
| 490 | 0 | |a Colección Arte y Fotografía | |
| 999 | |c 354213 |d 354211 | ||
| 952 | |0 0 |1 0 |3 erb |4 0 |6 GT_781_628300000000000_PAR_2013 |7 0 |8 X |9 459916 |a FDOMLP |b FDOMLP |i 5033373 |o Gt781.6283 PAR 2013 |p 5033373 |r 2019-11-23 |w 2019-11-23 |y BK_X |z Catalogado en:20131213 |k BU2 | ||
| 952 | |0 0 |1 0 |3 erb |4 0 |6 GT_781_628300000000000_PAR_2013 |7 0 |8 A |9 459917 |a BIBART |b BIBART |i 5034051 |l 1 |o Gt781.6283 PAR 2013 |p 5034051 |r 2025-03-13 |s 2020-03-04 |w 2019-11-23 |y BK |z Catalogado en:20131213 |k ART | ||
| 952 | |0 0 |1 0 |3 erb |4 0 |6 GT_781_628300000000000_PAR_2013 |7 0 |8 R |9 459918 |a BIBEDU |b BIBEDU |i 5139473 |o Gt781.6283 PAR 2013 |p 5139473 |r 2023-11-22 |w 2019-11-23 |y BK_R |z Catalogado en:20150312 |k MUS | ||